Poistenie zodpovednosti v rámci francúzskeho systému znaleckej činnosti
Znalecká činnosť vo Francúzskej republike, francúzsky znalecký systém. Označenie a pôsobnosť experta vo Francúzskej republike. Ustanovenie znalca pre potreby súdneho konania. Označenie expertov v podmienkach legislatívy Francúzskej republiky. Rozdelenie súdnych znalcov v podmienkach Francúzskej repu...
Guardado en:
| Autor principal: | |
|---|---|
| Formato: | Capítulo de libro |
| Lenguaje: | eslovaco |
| Materias: | |
| Etiquetas: |
Sin Etiquetas, Sea el primero en etiquetar este registro!
|
MARC
| LEADER | 00000nla$a2200000$$$4500 | ||
|---|---|---|---|
| 001 | 0137009 | ||
| 005 | 20240502072532.5 | ||
| 041 | 0 | |a slo | |
| 044 | |a SK | ||
| 245 | 1 | 0 | |a Poistenie zodpovednosti v rámci francúzskeho systému znaleckej činnosti |c Veronika Littvová |
| 520 | |a Znalecká činnosť vo Francúzskej republike, francúzsky znalecký systém. Označenie a pôsobnosť experta vo Francúzskej republike. Ustanovenie znalca pre potreby súdneho konania. Označenie expertov v podmienkach legislatívy Francúzskej republiky. Rozdelenie súdnych znalcov v podmienkach Francúzskej republiky. Poistenie profesijnej zodpovednosti znalca. | ||
| 610 | 2 | 0 | |a znalci |
| 610 | 2 | 0 | |a zodpovednosť |
| 610 | 2 | 0 | |a poistenie zodpovednosti za škody |
| 610 | 2 | 0 | |a legislatíva |
| 610 | 2 | 0 | |a Francúzsko |
| 100 | 1 | |a Littvová, Veronika | |